000 00454nam a22001577a 4500
020 _a9780072322095
040 _cNUST
082 _a604.2 BER
100 _aBertoline, Gary R.
_97936
110 _aWiebe, Eric N. Miller, Craig Lester
_9113212
245 _aFundamentals of Graphics Communication
250 _a3rd Edition
260 _aBoston:
_bMcGraw-Hill,
_c2002.
650 _aFundamentals of Graphics Communication
_9113213
942 _2ddc
_cBK
999 _c594970
_d594970